书目信息 |
| 题名: |
紧黎曼曲面引论
|
|
| 作者: | 吕以辇 , 陈志华 , 伍鸿熙 著 | |
| 分册: | ||
| 出版信息: | 北京 科学出版社 1981 |
|
| 页数: | 293页 | |
| 开本: | 21cm | |
| 丛书名: | 现代数学基础丛书 | |
| 单 册: | ||
| 中图分类: | O186.12 | |
| 科图分类: | ||
| 主题词: | 几何 , 拓扑 , 黎曼面 | |
| 电子资源: | ||
| ISBN: | ||
| 000 | 00844nam2 2200301 45 | |
| 001 | 0181005278 | |
| 005 | 20060517170256.01 | |
| 010 | @b精装@dCNY2.35 | |
| 091 | @a13031.1421 | |
| 100 | @a19950509d1981 em y0chiy0121 ea | |
| 101 | 0 | @achi |
| 102 | @aCN@b110000 | |
| 105 | @ay z 000yy | |
| 200 | 10 | @a紧黎曼曲面引论@Ajin li man qu mian yin lun@f伍鸿熙,吕以辇,陈志华著@Fwu hong xi,lu yi nian,chen zhi hua zhu |
| 210 | @a北京@c科学出版社@d1981 | |
| 215 | @a293页@d21cm | |
| 225 | 2 | @a现代数学基础丛书 |
| 410 | 0 | @120010@a现代数学基础丛书 |
| 606 | 0 | @a几何 |
| 606 | 0 | @a拓扑 |
| 606 | @a黎曼面 | |
| 690 | @aO186.12@v4 | |
| 701 | 0 | @a吕以辇@Alu yi nian@4著 |
| 701 | 0 | @a陈志华@Achen zhi hua@4著 |
| 701 | 0 | @a伍鸿熙@Awu hong xi@4著 |
| 801 | 0 | @aCN@bTSSF@c20060517 |
| 801 | 2 | @aCN@bNLC@c20060105 |
| 905 | @a10447@dO186.12@e15 | |
| 紧黎曼曲面引论/伍鸿熙,吕以辇,陈志华著.-北京:科学出版社,1981 |
| 293页;21cm.-(现代数学基础丛书) |
| ISBN (精装):CNY2.35 |
| ● |
| 相关链接 |
|
|
|
|
正题名:紧黎曼曲面引论
索取号:O186.12/15
 
预约/预借
| 序号 | 登录号 | 条形码 | 馆藏地/架位号 | 状态 | 备注 |
| 1 | 0106674 | 202358545 | 密集书库/ [索取号:O186.12/15] | 在馆 | |
| 2 | 0106675 | 202186080 | 密集书库/ [索取号:O186.12/15] | 在馆 |